| 000 | 01031njm a22002537a 4500 | ||
|---|---|---|---|
| 005 | 2010090105215.0 | ||
| 006 | a|||||r|||||00| 0 | ||
| 007 | sd ammalaaahaa | ||
| 008 | 100901t xxu||||| |||| 00| 0 eng d | ||
| 028 |
_aN.51292 _bHis Master 's Voice |
||
| 028 | _aOJE.0671 | ||
| 035 | _aGR-188 | ||
| 040 |
_aSED _cSED |
||
| 100 |
_aBhosle, Asha _917816 |
||
| 245 |
_aSaraswati Sant 1'jagrati' / _csung by Asha Bhosle |
||
| 246 | _aसरस्वती के संत 1'जाग्रति / | ||
| 260 |
_aDum Dum, India: _bHis Master 's Voice |
||
| 300 |
_a1 sound Disc [GramaphoneRecording] : _banalog, 33 1/3 rpm ; _c9.5 in (MP) _fGramaphone Records |
||
| 500 | _aBrief Record | ||
| 505 | _aसाइड२ सरस्वती के संत २('जाग्रति)(आशा भोसले)Side2.Saraswati ke Sant(Jagrati)(Asha Bhosle).. | ||
| 650 |
_aMotion Picture Music _xExcerpts _zIndia _917817 |
||
| 942 |
_2ddc _cGR |
||
| 999 |
_c43289 _d43289 |
||